[Event "Torghatten GP-B"]
[Site "Bronnoysund"]
[Date "2004.03.13"]
[Round "2"]
[White "Arntzen, Odd St"]
[Black "Andreassen, Borre"]
[Result "1-0"]
[WhiteElo "1222"]
[BlackElo "1200"]
[PlyCount "41"]
[EventDate "2004.03.13"]
[EventType "swiss"]
[EventRounds "5"]
[EventCountry "NOR"]
[SourceTitle "EXT 2006"]
[Source "ChessBase"]
[SourceDate "2005.11.24"]
[SourceVersion "1"]
[SourceVersionDate "2005.11.24"]
[SourceQuality "1"]

1. e4 c5 2. Nf3 Nc6 3. d4 e6 4. Be3 b6 5. Nc3 Bb7 6. d5 exd5 7. exd5 Nce7 8. d6 Nf5 9. Nb5 Qb8 10. Nc7+ Kd8 11. Nxa8 Bxa8 12. Ng5 Nfh6 13. Qh5 g6 14. Qh4 Ke8 15. Ne4 Nf5 16. Nf6+ Nxf6 17. Qxf6 Rg8 18. Bc4 Nxd6 19. Bf4 Rg7 20. 0-0-0 Bxg2 21. Rhe1+ 1-0

[Event "Torghatten GP-B"]
[Site "Bronnoysund"]
[Date "2004.03.13"]
[Round "1"]
[White "Odegaard, Karl Eirik"]
[Black "Arntzen, Odd St"]
[Result "1/2-1/2"]
[WhiteElo "1096"]
[BlackElo "1222"]
[PlyCount "69"]
[EventDate "2004.03.13"]
[EventType "swiss"]
[EventRounds "5"]
[EventCountry "NOR"]
[SourceTitle "EXT 2006"]
[Source "ChessBase"]
[SourceDate "2005.11.24"]
[SourceVersion "1"]
[SourceVersionDate "2005.11.24"]
[SourceQuality "1"]

1. e4 e5 2. Nf3 Nc6 3. d4 exd4 4. Nxd4 Nf6 5. Bg5 Bc5 6. c3 a6 7. Be2 h6 8. Bxf6 Qxf6 9. Nf3 d6 10. Nbd2 Ne5 11. Nb3 Ba7 12. Nbd4 0-0 13. 0-0 c5 14. Nc2 b5 15. Ne3 Bb7 16. Nd5 Bxd5 17. Qxd5 c4 18. h3 Ng6 19. g3 Rfe8 20. Rae1 Rac8 21. Kg2 Re7 22. Bd1 Rc5 23. Qd2 Ne5 24. Nxe5 dxe5 25. Bc2 Rc6 26. f4 Rd6 27. Qe2 exf4 28. Rxf4 Qg5 29. Rd1 Red7 30. Rxd6 Rxd6 31. h4 Qc5 32. Rf1 Bb8 33. Rd1 Rxd1 34. Bxd1 Qe5 35. Qf3 1/2-1/2